000 01370cab a22002294i 4500
001 768714001
003 CO-MdFUSB
005 20230111083402.0
008 180716s1996 gt ||||| |||| 00| 0 spa d
022 _a1014-9341
040 _aCO-MdFUSB
_bspa
_cCO-MdFUSB
_dCO-MdFUSB
041 _aspa
100 1 _aCarroll R., M. Daniel
_eautor
245 1 3 _aLa Biblia y la identidad religiosa de los mayas de Guatemala en la conquista y en la actualidad :
_bconsideraciones y retos para los no-indígenas
_c/ Dr. M. Daniel Carroll R.
300 _aNúmero 19 (Julio - Diciembre, 1996), páginas 35-58
_c; 22 cm
520 _aEl uso de la Biblia para delinear una identidad cultural es tema de discusión en los estudios bíblicos y étnicos en la actualidad. Este artículo presenta el estudio de los mayas en Guatemala y cómo la Biblia ha sido usada a través de los siglos para dar forma a su identidad. Desde tiempos de la conquista y la colonia asta el día de hoy la Biblia ha servido para moldear la cultura maya en medio de circunstancias históricas de diversa índole.
650 7 _9385
_aReligión
650 0 _96855
_aIndígenas
_xReligión.
773 0 _tKairós
_049489
_961225
_gNúmero 19 (Julio - Diciembre, 1996), páginas 35-58
_qPágina 35
773 0 _049489
_981324
_gNúmero 19 (Julio - Diciembre, 1996), páginas 35-58
_qPágina 35
_tKairós
942 _cANA
999 _c61428
_d61428